000 00945nam a2200337 a 4500
003 AR-BaBNM
005 20251128204931.0
008 082120s2002 ||||||||||||||000 | spa||
020 _a950-9086-27-4
040 _cAR-BaBNM
100 1 _aDenis, Pierre
245 0 0 _aLa valoración del país
_bla República Argentina, 1920
250 _a1ª ed.
260 _aBuenos Aires
_bEdiciones Solar
_c1987
300 _a338 p.
_bmapas, tablas
490 0 _aDimensión argentina
650 4 _aHISTORIA ARGENTINA
650 4 _aGEOGRAFIA ECONOMICA
650 4 _aGEOGRAFIA FISICA
650 4 _aGEOGRAFIA HUMANA
650 4 _aHISTORIA DEL TRANSPORTE
650 4 _aHISTORIA ECONOMICA
650 4 _aPERIODO INDEPENDIENTE
650 4 _aHISTORIA PORTUARIA
650 4 _aHISTORIA COMERCIAL
651 4 _aArgentina
700 1 _aChiozza, Elena M.
_eprologuista
800 1 _aWeinberg, Gregorio
_edirector
942 _cBK
998 _cEnrique
999 _c9394
_d9394